[Event "World Youth & Cadets Rapid Championships"]
[Site "Rhodes, Greece"]
[Date "2022.05.01"]
[Round "8.21"]
[White "Shilon Rahav, Eliran"]
[Black "Mansurov, Yusuf"]
[Result "0-1"]
[TimeControl "10'/game & 5\"/move"]
[WhiteElo "1491"]
[BlackElo "1848"]

1. e4 {[%clk 00:10:08]} {[%emt 00:00:02]} c6 {[%clk 00:10:09]} 2. d4 {[%clk
00:10:10]} {[%emt 00:00:03]} d5 {[%clk 00:10:13]} {[%emt 00:00:02]} 3. exd5
{[%clk 00:10:13]} cxd5 {[%clk 00:10:17]} {[%emt 00:00:01]} 4. Bd3 {[%clk
00:10:17]} {[%emt 00:00:02]} Nf6 {[%clk 00:10:21]} 5. h3 {[%clk 00:10:21]}
{[%emt 00:00:02]} g6 {[%clk 00:10:22]} {[%emt 00:00:04]} 6. c3 {[%clk
00:10:18]} {[%emt 00:00:07]} Bg7 {[%clk 00:10:25]} {[%emt 00:00:02]} 7. Nf3
{[%clk 00:10:20]} {[%emt 00:00:03]} O-O {[%clk 00:10:27]} {[%emt 00:00:03]} 8.
O-O {[%clk 00:10:21]} {[%emt 00:00:04]} Nc6 {[%clk 00:10:24]} {[%emt 00:00:09]}
9. Re1 {[%clk 00:10:22]} {[%emt 00:00:03]} Bf5 {[%clk 00:10:26]} {[%emt
00:00:04]} 10. Bxf5 {[%clk 00:10:24]} {[%emt 00:00:03]} gxf5 {[%clk 00:10:26]}
{[%emt 00:00:04]} 11. Bf4 {[%clk 00:10:03]} {[%emt 00:00:26]} Kh8 {[%clk
00:10:15]} {[%emt 00:00:17]} 12. Nbd2 {[%clk 00:09:40]} {[%emt 00:00:28]} Ne4
{[%clk 00:10:17]} {[%emt 00:00:03]} 13. Nxe4 {[%clk 00:08:44]} {[%emt
00:01:00]} fxe4 {[%clk 00:10:18]} {[%emt 00:00:04]} 14. Ng5 {[%clk 00:08:14]}
{[%emt 00:00:35]} h6 {[%clk 00:09:42]} {[%emt 00:00:41]} 15. Qh5 {[%clk
00:07:19]} {[%emt 00:01:00]} Kg8 {[%clk 00:08:35]} {[%emt 00:01:12]} 16. Nxe4
{[%clk 00:06:42]} {[%emt 00:00:42]} dxe4 {[%clk 00:07:39]} {[%emt 00:01:01]} 17.
Bxh6 {[%clk 00:06:32]} {[%emt 00:00:14]} Qd6 {[%clk 00:05:24]} {[%emt
00:02:21]} 18. Bxg7 {[%clk 00:05:51]} {[%emt 00:00:47]} Kxg7 {[%clk 00:05:26]}
{[%emt 00:00:03]} 19. Re3 {[%clk 00:03:45]} {[%emt 00:02:11]} Rg8 {[%clk
00:04:36]} {[%emt 00:00:54]} 20. Rxe4 {[%clk 00:02:47]} {[%emt 00:01:03]} Kf8
{[%clk 00:03:51]} {[%emt 00:00:50]} 21. d5 {[%clk 00:02:25]} {[%emt 00:00:27]}
Nd8 {[%clk 00:03:26]} {[%emt 00:00:30]} 22. Rae1 {[%clk 00:01:24]} {[%emt
00:01:06]} e6 {[%clk 00:02:52]} {[%emt 00:00:40]} 23. Qh6+ {[%clk 00:00:20]}
{[%emt 00:01:09]} Ke7 {[%clk 00:02:38]} {[%emt 00:00:18]} 24. Qh4+ {[%clk
00:00:16]} {[%emt 00:00:10]} Ke8 {[%clk 00:02:23]} {[%emt 00:00:19]} 25. Qh7
{[%clk 00:00:10]} {[%emt 00:00:11]} Rf8 {[%clk 00:01:33]} {[%emt 00:00:56]} 26.
Qh5 {[%clk 00:00:08]} {[%emt 00:00:07]} Ke7 {[%clk 00:00:50]} {[%emt 00:00:47]}
27. Qh4+ {[%clk 00:00:07]} {[%emt 00:00:06]} Kd7 {[%clk 00:00:42]} {[%emt
00:00:13]} 28. dxe6+ {[%clk 00:00:09]} {[%emt 00:00:03]} Nxe6 {[%clk 00:00:45]}
{[%emt 00:00:02]} 29. Qg4 {[%clk 00:00:11]} {[%emt 00:00:03]} f5 {[%clk
00:00:16]} {[%emt 00:00:34]} 0-1

[Event "World Youth & Cadets Rapid Championships"]
[Site "Rhodes, Greece"]
[Date "2022.05.01"]
[Round "8.22"]
[White "Pawlicz, Filip"]
[Black "Negrean, Andrei"]
[Result "0-1"]
[TimeControl "10'/game & 5\"/move"]
[WhiteElo "1446"]
[BlackElo "1806"]

1. e4 {[%clk 00:10:08]} {[%emt 00:00:02]} c5 {[%clk 00:10:06]} {[%emt
00:00:05]} 2. Nf3 {[%clk 00:10:09]} {[%emt 00:00:03]} Nc6 {[%clk 00:10:07]}
{[%emt 00:00:04]} 3. d4 {[%clk 00:10:13]} {[%emt 00:00:02]} cxd4 {[%clk
00:10:10]} {[%emt 00:00:02]} 4. Nxd4 {[%clk 00:10:16]} {[%emt 00:00:01]} Qc7
{[%clk 00:10:08]} {[%emt 00:00:07]} 5. c4 {[%clk 00:10:15]} {[%emt 00:00:06]}
e6 {[%clk 00:10:00]} {[%emt 00:00:13]} 6. Nc3 {[%clk 00:10:14]} {[%emt
00:00:06]} Nf6 {[%clk 00:09:57]} {[%emt 00:00:08]} 7. a3 {[%clk 00:10:12]}
{[%emt 00:00:08]} b6 {[%clk 00:09:30]} {[%emt 00:00:32]} 8. Be2 {[%clk
00:10:11]} {[%emt 00:00:06]} Bb7 {[%clk 00:09:29]} {[%emt 00:00:05]} 9. f3
{[%clk 00:09:48]} {[%emt 00:00:27]} Rc8 {[%clk 00:08:41]} {[%emt 00:00:54]} 10.
O-O {[%clk 00:09:38]} {[%emt 00:00:14]} Nxd4 {[%clk 00:08:39]} {[%emt
00:00:08]} 11. b3 {[%clk 00:09:27]} {[%emt 00:00:16]} Bc5 {[%clk 00:07:49]}
{[%emt 00:00:56]} 12. Kh1 {[%clk 00:09:30]} {[%emt 00:00:01]} Nxe2 {[%clk
00:07:47]} {[%emt 00:00:08]} 13. Qxe2 {[%clk 00:09:32]} {[%emt 00:00:03]} Qb8
{[%clk 00:07:03]} {[%emt 00:00:49]} 14. g4 {[%clk 00:09:21]} {[%emt 00:00:15]}
h6 {[%clk 00:06:05]} {[%emt 00:01:03]} 15. Be3 {[%clk 00:09:08]} {[%emt
00:00:19]} Bxe3 {[%clk 00:05:42]} {[%emt 00:00:27]} 16. Qxe3 {[%clk 00:09:11]}
{[%emt 00:00:02]} O-O {[%clk 00:04:47]} {[%emt 00:01:00]} 17. g5 {[%clk
00:09:05]} {[%emt 00:00:11]} hxg5 {[%clk 00:04:14]} {[%emt 00:00:37]} 18. Qxg5
{[%clk 00:09:07]} {[%emt 00:00:03]} Nh7 {[%clk 00:04:12]} {[%emt 00:00:07]} 19.
Qh4 {[%clk 00:08:48]} {[%emt 00:00:22]} Qe5 {[%clk 00:04:05]} {[%emt 00:00:13]}
20. Ne2 {[%clk 00:08:49]} {[%emt 00:00:05]} d5 {[%clk 00:03:53]} {[%emt
00:00:18]} 21. Rae1 {[%clk 00:08:27]} {[%emt 00:00:27]} dxe4 {[%clk 00:03:34]}
{[%emt 00:00:24]} 22. Ng3 {[%clk 00:08:04]} {[%emt 00:00:27]} Qg5 {[%clk
00:03:22]} {[%emt 00:00:17]} 23. Qh3 {[%clk 00:07:53]} {[%emt 00:00:15]} exf3
{[%clk 00:03:24]} {[%emt 00:00:04]} 24. Rf2 {[%clk 00:07:57]} {[%emt 00:00:01]}
Qh6 {[%clk 00:01:21]} {[%emt 00:02:08]} 25. Qg4 {[%clk 00:07:39]} {[%emt
00:00:24]} Rc5 {[%clk 00:01:01]} {[%emt 00:00:25]} 26. Ne4 {[%clk 00:07:10]}
{[%emt 00:00:34]} f5 {[%clk 00:00:36]} {[%emt 00:00:30]} 27. Qg3 {[%clk
00:07:10]} {[%emt 00:00:04]} Bxe4 {[%clk 00:00:36]} {[%emt 00:00:06]} 28. Rg1
{[%clk 00:07:12]} {[%emt 00:00:03]} Nf6 {[%clk 00:00:23]} {[%emt 00:00:18]} 29.
Qd6 {[%clk 00:07:07]} {[%emt 00:00:09]} Ng4 {[%clk 00:00:24]} {[%emt 00:00:05]}
30. Rxg4 {[%clk 00:06:55]} {[%emt 00:00:17]} fxg4 {[%clk 00:00:22]} {[%emt
00:00:06]} 31. Kg1 {[%clk 00:06:51]} {[%emt 00:00:09]} Qc1+ {[%clk 00:00:26]}
{[%emt 00:00:02]} 32. Rf1 {[%clk 00:06:54]} {[%emt 00:00:02]} Qe3+ {[%clk
00:00:30]} {[%emt 00:00:01]} 33. Rf2 {[%clk 00:06:57]} {[%emt 00:00:01]} Qe1+
{[%clk 00:00:29]} {[%emt 00:00:06]} 34. Rf1 {[%clk 00:07:00]} {[%emt 00:00:02]}
f2# {[%clk 00:00:33]} {[%emt 00:00:02]} 0-1

[Event "World Youth & Cadets Rapid Championships"]
[Site "Rhodes, Greece"]
[Date "2022.05.01"]
[Round "8.23"]
[White "Sofronie, Vladimir"]
[Black "Jalving, August"]
[Result "0-1"]
[TimeControl "10'/game & 5\"/move"]
[WhiteElo "1399"]
[BlackElo "1538"]

1. f4 {[%clk 00:10:07]} {[%emt 00:00:02]} d5 {[%clk 00:10:02]} {[%emt
00:00:09]} 2. Nf3 {[%clk 00:10:08]} {[%emt 00:00:03]} c5 {[%clk 00:09:49]}
{[%emt 00:00:19]} 3. b3 {[%clk 00:10:08]} {[%emt 00:00:05]} Nf6 {[%clk
00:09:49]} {[%emt 00:00:04]} 4. Bb2 {[%clk 00:10:12]} g6 {[%clk 00:09:47]}
{[%emt 00:00:07]} 5. e3 {[%clk 00:10:12]} {[%emt 00:00:05]} Bg7 {[%clk
00:09:51]} {[%emt 00:00:02]} 6. Bd3 {[%clk 00:10:14]} {[%emt 00:00:02]} O-O
{[%clk 00:09:51]} {[%emt 00:00:05]} 7. O-O {[%clk 00:10:16]} {[%emt 00:00:03]}
Bg4 {[%clk 00:09:20]} {[%emt 00:00:37]} 8. Qe1 {[%clk 00:10:06]} {[%emt
00:00:15]} Nc6 {[%clk 00:09:08]} 9. Qh4 {[%clk 00:09:59]} {[%emt 00:00:27]} d4
{[%clk 00:08:22]} 10. e4 {[%clk 00:09:56]} {[%emt 00:01:01]} Bxf3 {[%clk
00:08:03]} 11. Rxf3 {[%clk 00:09:59]} {[%emt 00:00:25]} e5 {[%clk 00:08:08]} 12.
f5 {[%clk 00:09:36]} {[%emt 00:00:29]} Nh5 {[%clk 00:08:07]} 13. Qxd8 {[%clk
00:09:23]} {[%emt 00:00:24]} Rfxd8 {[%clk 00:07:59]} 14. a4 {[%clk 00:09:26]}
{[%emt 00:00:15]} Nb4 {[%clk 00:07:48]} {[%emt 00:00:17]} 15. Na3 {[%clk
00:09:23]} {[%emt 00:00:08]} Nxd3 {[%clk 00:07:43]} {[%emt 00:00:10]} 16. Rxd3
{[%clk 00:09:16]} {[%emt 00:00:12]} Nf4 {[%clk 00:07:47]} {[%emt 00:00:02]} 17.
Rf3 {[%clk 00:09:15]} {[%emt 00:00:03]} gxf5 {[%clk 00:07:46]} {[%emt
00:00:09]} 18. exf5 {[%clk 00:09:18]} {[%emt 00:00:01]} Ne2+ {[%clk 00:07:35]}
{[%emt 00:00:16]} 19. Kf1 {[%clk 00:08:58]} {[%emt 00:01:26]} Nf4 {[%clk
00:09:32]} {[%emt 00:00:04]} 20. g3 {[%clk 00:08:58]} {[%emt 00:00:04]} Nd5
{[%clk 00:09:36]} {[%emt 00:00:03]} 21. d3 {[%clk 00:08:44]} {[%emt 00:00:18]}
Re8 {[%clk 00:09:07]} {[%emt 00:00:35]} 22. Nc4 {[%clk 00:08:06]} {[%emt
00:00:44]} e4 {[%clk 00:09:03]} {[%emt 00:00:08]} 23. dxe4 {[%clk 00:08:09]}
{[%emt 00:00:01]} Rxe4 {[%clk 00:09:07]} {[%emt 00:00:01]} 24. a5 {[%clk
00:07:50]} {[%emt 00:00:24]} Rae8 {[%clk 00:08:13]} {[%emt 00:00:59]} 25. Nd6
{[%clk 00:07:36]} {[%emt 00:00:14]} Re3 {[%clk 00:08:08]} {[%emt 00:00:15]} 26.
Rf2 {[%clk 00:07:26]} {[%emt 00:00:12]} R8e7 {[%clk 00:07:40]} {[%emt
00:00:37]} 27. Ba3 {[%clk 00:07:27]} {[%emt 00:00:05]} d3 {[%clk 00:07:38]}
{[%emt 00:00:06]} 28. Bxc5 {[%clk 00:07:18]} {[%emt 00:00:14]} Bxa1 {[%clk
00:07:40]} {[%emt 00:00:03]} 29. Bxe3 {[%clk 00:07:13]} {[%emt 00:00:10]} Nxe3+
{[%clk 00:07:44]} 30. Kg1 {[%clk 00:07:15]} {[%emt 00:00:03]} dxc2 {[%clk
00:10:05]} {[%emt 00:00:12]} 0-1

[Event "World Youth & Cadets Rapid Championships"]
[Site "Rhodes, Greece"]
[Date "2022.05.01"]
[Round "8.24"]
[White "Gabadadze, Gabriel"]
[Black "Golubovic, Erik"]
[Result "1-0"]
[TimeControl "10'/game & 5\"/move"]
[WhiteElo "1230"]
[BlackElo "1436"]

1. e4 {[%clk 00:10:10]} {[%emt 00:04:53]} Nc6 {[%clk 00:10:09]} {[%emt
00:00:01]} 2. Nf3 {[%clk 00:10:13]} {[%emt 00:00:02]} e5 {[%clk 00:10:09]}
{[%emt 00:00:05]} 3. Bb5 {[%clk 00:10:17]} a6 {[%clk 00:10:12]} {[%emt
00:00:02]} 4. Ba4 {[%clk 00:10:20]} {[%emt 00:00:01]} Bc5 {[%clk 00:10:16]}
{[%emt 00:00:02]} 5. c3 {[%clk 00:10:22]} {[%emt 00:00:02]} Nf6 {[%clk
00:10:21]} {[%emt 00:00:02]} 6. O-O {[%clk 00:10:21]} {[%emt 00:00:05]} O-O
{[%clk 00:10:22]} {[%emt 00:00:04]} 7. d4 {[%clk 00:10:25]} exd4 {[%clk
00:10:20]} {[%emt 00:00:06]} 8. cxd4 {[%clk 00:10:29]} {[%emt 00:00:01]} Ba7
{[%clk 00:10:04]} {[%emt 00:00:21]} 9. e5 {[%clk 00:09:24]} {[%emt 00:01:10]}
Nd5 {[%clk 00:09:57]} {[%emt 00:00:10]} 10. Nc3 {[%clk 00:09:08]} {[%emt
00:00:23]} Nxc3 {[%clk 00:10:00]} {[%emt 00:00:03]} 11. bxc3 {[%clk 00:09:11]}
{[%emt 00:00:02]} d6 {[%clk 00:09:52]} {[%emt 00:00:13]} 12. Bg5 {[%clk
00:09:01]} {[%emt 00:00:15]} Qe8 {[%clk 00:09:49]} {[%emt 00:00:07]} 13. exd6
{[%clk 00:08:54]} {[%emt 00:00:13]} cxd6 {[%clk 00:08:58]} {[%emt 00:00:55]} 14.
Re1 {[%clk 00:08:56]} {[%emt 00:00:03]} Qd7 {[%clk 00:08:59]} {[%emt 00:00:05]}
15. d5 {[%clk 00:08:58]} {[%emt 00:00:04]} b5 {[%clk 00:08:22]} {[%emt
00:00:42]} 16. dxc6 {[%clk 00:09:00]} {[%emt 00:00:02]} Qxc6 {[%clk 00:08:26]}
{[%emt 00:00:01]} 17. Bc2 {[%clk 00:09:02]} {[%emt 00:00:03]} Bb7 {[%clk
00:08:08]} {[%emt 00:00:22]} 18. Be4 {[%clk 00:08:52]} {[%emt 00:00:16]} Qb6
{[%clk 00:08:02]} {[%emt 00:00:11]} 19. Be3 {[%clk 00:08:50]} {[%emt 00:00:06]}
Qc7 {[%clk 00:08:01]} {[%emt 00:00:07]} 20. Bxb7 {[%clk 00:08:52]} {[%emt
00:00:03]} Qxb7 {[%clk 00:08:04]} {[%emt 00:00:02]} 21. Bxa7 {[%clk 00:08:55]}
{[%emt 00:00:02]} Qxa7 {[%clk 00:08:07]} {[%emt 00:00:02]} 22. Qxd6 {[%clk
00:08:45]} {[%emt 00:00:15]} Rad8 {[%clk 00:08:07]} {[%emt 00:00:05]} 23. Qb4
{[%clk 00:08:37]} {[%emt 00:00:13]} Rfe8 {[%clk 00:07:59]} {[%emt 00:00:13]} 24.
h3 {[%clk 00:08:37]} {[%emt 00:00:04]} h6 {[%clk 00:08:03]} {[%emt 00:00:02]}
25. Nd4 {[%clk 00:08:30]} {[%emt 00:00:12]} Rc8 {[%clk 00:08:00]} {[%emt
00:00:07]} 26. Nf5 {[%clk 00:08:17]} {[%emt 00:00:18]} Rxe1+ {[%clk 00:07:48]}
{[%emt 00:00:18]} 27. Rxe1 {[%clk 00:08:19]} {[%emt 00:00:02]} Qc5 {[%clk
00:07:36]} {[%emt 00:00:17]} 28. Ne7+ {[%emt 00:00:31]} 1-0

[Event "World Youth & Cadets Rapid Championships"]
[Site "Rhodes, Greece"]
[Date "2022.05.01"]
[Round "8.25"]
[White "Sarthak, Deshpande"]
[Black "Beniosev, Daniel"]
[Result "1-0"]
[TimeControl "10'/game & 5\"/move"]
[WhiteElo "1046"]
[BlackElo "1427"]

1. d4 {[%clk 00:10:09]} c5 {[%clk 00:10:07]} {[%emt 00:00:03]} 2. d5 {[%clk
00:10:02]} {[%emt 00:00:12]} e6 {[%clk 00:10:03]} {[%emt 00:00:09]} 3. c4
{[%clk 00:10:03]} {[%emt 00:00:04]} Nf6 {[%clk 00:09:59]} {[%emt 00:00:05]} 4.
Nf3 {[%clk 00:10:00]} {[%emt 00:00:13]} exd5 {[%clk 00:10:01]} {[%emt
00:00:03]} 5. cxd5 {[%clk 00:10:04]} {[%emt 00:00:01]} d6 {[%clk 00:10:04]}
{[%emt 00:00:02]} 6. e4 {[%clk 00:10:02]} {[%emt 00:00:07]} Nxe4 {[%clk
00:10:06]} {[%emt 00:00:02]} 7. Bd3 {[%clk 00:10:01]} {[%emt 00:00:06]} Nf6
{[%clk 00:10:09]} {[%emt 00:00:01]} 8. O-O {[%clk 00:10:01]} {[%emt 00:00:07]}
Bg4 {[%clk 00:10:11]} {[%emt 00:00:02]} 9. Nc3 {[%clk 00:09:56]} {[%emt
00:00:10]} Be7 {[%clk 00:10:14]} {[%emt 00:00:01]} 10. h3 {[%clk 00:09:54]}
{[%emt 00:00:09]} Bxf3 {[%clk 00:10:17]} {[%emt 00:00:01]} 11. Qxf3 {[%clk
00:09:57]} {[%emt 00:00:02]} Nbd7 {[%clk 00:10:17]} 12. Bf4 {[%clk 00:09:34]}
{[%emt 00:00:34]} O-O {[%clk 00:10:17]} 13. Rfe1 {[%clk 00:09:28]} {[%emt
00:00:16]} Re8 {[%clk 00:10:06]} 14. g4 {[%clk 00:09:06]} {[%emt 00:00:42]} Nb6
{[%emt 00:00:28]} 15. g5 {[%clk 00:08:56]} {[%emt 00:00:04]} Nfd7 {[%clk
00:09:39]} {[%emt 00:00:20]} 16. Qg3 {[%clk 00:08:34]} {[%emt 00:00:27]} g6
{[%clk 00:09:21]} {[%emt 00:00:23]} 17. Kh2 {[%clk 00:08:06]} {[%emt 00:00:29]}
Qc7 {[%clk 00:09:22]} {[%emt 00:00:07]} 18. Rxe7 {[%clk 00:07:27]} {[%emt
00:00:44]} Rxe7 {[%clk 00:09:21]} {[%emt 00:00:07]} 19. Bxd6 {[%clk 00:07:31]}
{[%emt 00:00:02]} Qd8 {[%clk 00:09:20]} {[%emt 00:00:05]} 20. Bxe7 {[%clk
00:07:33]} {[%emt 00:00:03]} Qxe7 {[%clk 00:09:23]} {[%emt 00:00:01]} 21. d6
{[%clk 00:07:17]} {[%emt 00:00:22]} Qe5 {[%clk 00:09:20]} {[%emt 00:00:08]} 22.
Qxe5 {[%clk 00:06:56]} {[%emt 00:00:26]} Nxe5 {[%clk 00:09:23]} {[%emt
00:00:02]} 23. Be4 {[%clk 00:06:46]} {[%emt 00:00:16]} Nec4 {[%clk 00:08:30]}
{[%emt 00:00:57]} 24. Bxb7 {[%clk 00:05:31]} {[%emt 00:01:20]} Rb8 {[%clk
00:08:34]} {[%emt 00:00:02]} 25. Bf3 {[%clk 00:04:50]} {[%emt 00:00:46]} Nxd6
{[%clk 00:08:36]} {[%emt 00:00:03]} 26. Rd1 {[%clk 00:04:34]} {[%emt 00:00:21]}
Nf5 {[%clk 00:08:37]} {[%emt 00:00:04]} 27. Ne4 {[%clk 00:04:13]} {[%emt
00:00:25]} Rc8 {[%clk 00:08:09]} {[%emt 00:00:34]} 28. Bg4 {[%clk 00:04:09]}
{[%emt 00:00:08]} Rc7 {[%clk 00:07:32]} {[%emt 00:00:43]} 29. Nf6+ {[%clk
00:03:59]} {[%emt 00:00:14]} Kf8 {[%clk 00:07:24]} {[%emt 00:00:13]} 30. Bxf5
{[%clk 00:03:40]} {[%emt 00:00:24]} gxf5 {[%clk 00:07:27]} {[%emt 00:00:03]} 31.
Nxh7+ {[%clk 00:03:23]} {[%emt 00:00:21]} Kg7 {[%clk 00:07:27]} {[%emt
00:00:05]} 32. Nf6 {[%clk 00:03:25]} {[%emt 00:00:03]} Kg6 {[%clk 00:07:31]} 33.
h4 {[%clk 00:03:29]} {[%emt 00:00:02]} Nc4 {[%emt 00:00:21]} 34. Rd8 {[%clk
00:03:28]} f4 {[%clk 00:07:07]} {[%emt 00:00:18]} 35. Nd5 {[%clk 00:03:03]}
{[%emt 00:00:30]} Rb7 {[%clk 00:06:54]} {[%emt 00:00:19]} 36. b3 {[%clk
00:02:50]} {[%emt 00:00:18]} Ne5 {[%clk 00:06:54]} {[%emt 00:00:04]} 37. Nxf4+
{[%emt 00:00:03]} Kf5 {[%clk 00:06:59]} 38. Nd5 {[%clk 00:02:53]} {[%emt
00:00:05]} Kg4 {[%clk 00:06:59]} {[%emt 00:00:04]} 39. Rh8 {[%clk 00:02:46]}
{[%emt 00:00:11]} Ng6 {[%clk 00:07:08]} {[%emt 00:00:26]} 40. Rh7 {[%clk
00:02:33]} 1-0

[Event "World Youth & Cadets Rapid Championships"]
[Site "Rhodes, Greece"]
[Date "2022.05.01"]
[Round "8.26"]
[White "Hanache, Kai"]
[Black "Zhao, George"]
[Result "1-0"]
[TimeControl "10'/game & 5\"/move"]
[WhiteElo "1561"]
[BlackElo "1461"]

1. c4 {[%clk 00:10:08]} {[%emt 00:00:02]} e6 {[%clk 00:10:09]} {[%emt
00:00:02]} 2. Nc3 {[%clk 00:10:10]} {[%emt 00:00:03]} d5 {[%clk 00:10:11]}
{[%emt 00:00:02]} 3. cxd5 {[%clk 00:10:14]} {[%emt 00:00:02]} exd5 {[%clk
00:10:14]} {[%emt 00:00:01]} 4. d4 {[%clk 00:10:18]} {[%emt 00:00:01]} Nf6
{[%clk 00:10:17]} {[%emt 00:00:02]} 5. Nf3 {[%clk 00:10:21]} {[%emt 00:00:02]}
Bd6 {[%clk 00:10:10]} {[%emt 00:00:12]} 6. Bg5 {[%clk 00:10:23]} {[%emt
00:00:03]} c6 {[%clk 00:10:12]} {[%emt 00:00:03]} 7. e3 {[%clk 00:10:26]}
{[%emt 00:00:02]} Bg4 {[%clk 00:10:14]} {[%emt 00:00:03]} 8. Be2 {[%clk
00:10:28]} {[%emt 00:00:04]} Nbd7 {[%clk 00:10:16]} {[%emt 00:00:03]} 9. O-O
{[%clk 00:10:31]} {[%emt 00:00:02]} O-O {[%clk 00:10:18]} {[%emt 00:00:03]} 10.
Re1 {[%clk 00:10:33]} {[%emt 00:00:02]} Qc7 {[%clk 00:10:19]} {[%emt 00:00:04]}
11. h3 {[%clk 00:10:34]} {[%emt 00:00:04]} Bh5 {[%clk 00:10:18]} {[%emt
00:00:06]} 12. Qd3 {[%clk 00:10:36]} {[%emt 00:00:03]} Bg6 {[%clk 00:10:20]}
{[%emt 00:00:04]} 13. Qd2 {[%clk 00:10:39]} {[%emt 00:00:02]} Rfe8 {[%clk
00:10:13]} {[%emt 00:00:12]} 14. Bd3 {[%clk 00:10:35]} {[%emt 00:00:09]} Ne4
{[%clk 00:10:15]} {[%emt 00:00:04]} 15. Qc2 {[%clk 00:10:18]} {[%emt 00:00:20]}
Nxg5 {[%clk 00:09:45]} {[%emt 00:00:35]} 16. Nxg5 {[%clk 00:10:19]} {[%emt
00:00:04]} Nf6 {[%clk 00:09:40]} {[%emt 00:00:10]} 17. Bxg6 {[%clk 00:10:14]}
{[%emt 00:00:10]} hxg6 {[%clk 00:09:39]} {[%emt 00:00:06]} 18. e4 {[%clk
00:10:09]} {[%emt 00:00:11]} Bf4 {[%clk 00:09:32]} {[%emt 00:00:12]} 19. Nf3
{[%clk 00:10:07]} {[%emt 00:00:06]} Nxe4 {[%clk 00:09:18]} {[%emt 00:00:20]} 20.
Nxe4 {[%clk 00:10:07]} {[%emt 00:00:04]} Rxe4 {[%clk 00:09:09]} {[%emt
00:00:14]} 21. Rxe4 {[%clk 00:10:11]} {[%emt 00:00:01]} dxe4 {[%clk 00:09:08]}
{[%emt 00:00:06]} 22. Qxe4 {[%clk 00:10:14]} {[%emt 00:00:02]} Rd8 {[%clk
00:08:28]} {[%emt 00:00:45]} 23. Re1 {[%clk 00:10:08]} {[%emt 00:00:12]} Bd6
{[%clk 00:08:07]} {[%emt 00:00:25]} 24. Ng5 {[%clk 00:09:52]} {[%emt 00:00:21]}
Bb4 {[%clk 00:07:59]} {[%emt 00:00:13]} 25. Re2 {[%clk 00:09:25]} {[%emt
00:00:33]} Bd6 {[%clk 00:06:33]} {[%emt 00:01:31]} 26. Qh4 {[%clk 00:09:21]}
{[%emt 00:00:09]} Be5 {[%clk 00:05:48]} {[%emt 00:00:50]} 27. Rxe5 {[%clk
00:09:11]} {[%emt 00:00:14]} Qxe5 {[%clk 00:05:30]} {[%emt 00:00:23]} 28. dxe5
{[%clk 00:09:13]} {[%emt 00:00:04]} Rd5 {[%clk 00:05:19]} {[%emt 00:00:15]} 29.
Qh7+ {[%clk 00:09:09]} {[%emt 00:00:09]} Kf8 {[%clk 00:05:22]} {[%emt
00:00:02]} 30. Qh8+ {[%clk 00:09:13]} Ke7 {[%clk 00:05:26]} 31. Qxg7 {[%clk
00:09:17]} Rd1+ {[%clk 00:05:27]} {[%emt 00:00:04]} 32. Kh2 {[%clk 00:09:21]}
Rd7 {[%clk 00:05:30]} {[%emt 00:00:04]} 33. Qxf7+ {[%clk 00:09:24]} Kd8 {[%emt
00:00:04]} 34. Ne6+ {[%emt 00:00:04]} Kc8 {[%clk 00:05:33]} 35. Qg8+ {[%clk
00:09:31]} {[%emt 00:00:02]} Rd8 {[%clk 00:05:37]} {[%emt 00:00:02]} 36. Qxd8#
{[%clk 00:09:29]} {[%emt 00:00:02]} 1-0